000
00276nam a2200109Ia 4500
100
_a
Pradeep B
245
0
_a
Rubberkrishiyilulla thaalparyam Keralathil kuranjittilla
260
_b
Rubber, 665(October):18-21
_c
2021
650
_a
Rubber krishi
700
_a
Jacob J
942
_c
JS
999
_c
68286
_d
68286